|
|
|
|
| LEADER |
00000nam a2200000 a 4500 |
| 001 |
vtls011597279 |
| 003 |
SK-MaSNL |
| 005 |
20260301143036.0 |
| 008 |
201207s2008 gw da 000 0 ger |
| 015 |
|
|
|a SNBZSA2017/02
|
| 020 |
|
|
|a 3893318490
|q (brožované)
|
| 035 |
|
|
|a 0BE80763-549E-4539-ADFB-17D448AFA64C
|
| 035 |
|
|
|a urn:nbn:sk:snk-am3iblt
|
| 035 |
|
|
|a urn:nbn:sk:snk-am00e139
|
| 040 |
|
|
|a SNK
|b slo
|a SNK
|e AACR2
|c SNK
|
| 041 |
0 |
|
|a ger
|
| 043 |
|
|
|a e------
|
| 044 |
|
|
|a gw
|c DE
|
| 072 |
|
7 |
|a 327
|x Medzinárodné vzťahy, svetová politika
|2 konspekt
|
| 080 |
|
|
|a [339.923+327](4)
|2 2011
|
| 080 |
|
|
|a 328/329
|2 2011
|
| 080 |
|
|
|a 323
|2 2011
|
| 080 |
|
|
|a 327
|2 2011
|
| 080 |
|
|
|a (4)
|2 2011
|
| 080 |
|
|
|a (048.8:082)
|2 2011
|
| 245 |
0 |
4 |
|a Die Staatenwelt Europas
|c Werner Weidenfeld (Hrsg.)
|
| 260 |
|
|
|a Bonn
|b Bundeszentrale für politische Bildung
|c 2008
|
| 300 |
|
|
|a 632 s.
|b grafy, tab.
|c 21 cm
|
| 490 |
1 |
|
|a Schriftenreihe
|v Band 688
|
| 500 |
|
|
|a Zoznam autor a autoriek na konci publikácie
|
| 504 |
|
|
|a Bibliogr. ; bibliogr. odkazy
|
| 610 |
2 |
7 |
|a Európska únia
|2 SNKKA
|9 29861
|
| 650 |
0 |
7 |
|a európska integrácia
|2 SNKPH
|9 2140
|
| 650 |
0 |
7 |
|a European integration
|2 SNKPHeng
|9 270357
|
| 650 |
0 |
7 |
|a politika a vláda
|2 SNKPH
|9 3868
|
| 650 |
0 |
7 |
|a Politics and government
|2 SNKPHeng
|9 280895
|
| 650 |
0 |
7 |
|a vnútorná politika
|2 SNKPH
|9 970
|
| 650 |
0 |
7 |
|a Internal policy
|2 SNKPHeng
|9 270122
|
| 650 |
0 |
7 |
|a zahraničná politika
|2 SNKPH
|9 971
|
| 650 |
0 |
7 |
|a Foreign policy
|2 SNKPHeng
|9 266402
|
| 651 |
|
7 |
|a Európa
|2 SNKPH
|9 167569
|
| 651 |
|
7 |
|a Europe
|2 SNKPHeng
|9 56249
|
| 655 |
|
7 |
|a kolektívne monografie
|2 SNKPH
|9 249850
|
| 655 |
|
7 |
|a Collective monographs
|2 SNKPHeng
|9 125747
|
| 700 |
|
|
|a Weidenfeld, Werner
|4 edt
|9 472891
|
| 830 |
|
0 |
|a Schriftenreihe
|9 499415
|
| 919 |
|
|
|a 3-89331-849-0
|
| 958 |
|
|
|a ZS
|
| 958 |
|
|
|a NB
|
| 999 |
|
|
|c 772402
|d 774332
|
| 952 |
|
|
|a SNK
|b SNK
|y PREZ
|7 0
|p 17A1251737
|o snkSC 172897
|i snk2017/2668
|8 2
|g 22.00
|0 0
|1 0
|4 0
|d 2016-12-02
|f 1
|l 0
|r 2025-09-11 00:00:00
|w 2026-02-24
|